Hitler /

Hlavní autor: Bertrand, Louis, 1866-1941
Jazyk: Francouzština
Vydáno: Paris : Fayard & Cie, 1936
Fyzický popis: 120 s.
Knihy
Uloženo v:
LEADER 00552nam a22001932a 4500
001 001087357
003 CZ BrMZK
005 20100624100633.0
007 ta
008 100218s1936 fr er|||||||||||fre d
040 |a DLC  |c DLC  |d BOA001 
100 1 |a Bertrand, Louis,  |d 1866-1941  |7 jn19990000750 
245 1 0 |a Hitler /  |c Louis Bertrand 
260 |a Paris :  |b Fayard & Cie,  |c 1936 
300 |a 120 s. 
910 |a BOA001  |b 1-0298.176 
990 |a BK 
991 |b 201002 
996 7 |b 2619382643  |c 1-0298.176  |l MZK  |r Sklad / do 1 hodiny  |n 0  |w 001111384  |u 000010  |a 1  |e BOA001  |j MZK50  |s A